Filozofické a náboženské rozpravy pro duchovní péči v Československé armádě / [redakce Vladimír Winkler]
Record details
- ISBN: 80-85469-46-4
- Physical Description: 3 sv. (63, 64, 71 s.) ; 21 cm
- Publisher: Praha : Magnet-Press, 1991-1993
Content descriptions
| Bibliography, etc. Note: | Obsahuje bibliografické odkazy |
| Issuing Body Note: | Vydavatel: Česká a Slovenská Federativní Republika, Federální ministerstvo obrany, Správa sociálního řízení |
Search for related items by subject
| Subject: | morální hodnoty křesťanská civilizace duchovní tradice > Evropa kulturní tradice > Evropa filozofické myšlení křesťanská víra duchovní služba v armádě > Česko |
| Genre: | sborníky |
Available copies
- 1 of 1 copy available at Common Catalog SPOK.
Holds
- 0 current holds with 1 total copy.
Show All Copies
| Location | Call Number / Copy Notes | Barcode | Shelving Location | Status | Due Date |
|---|---|---|---|---|---|
| The Jewish community of Prague | J 618 / 3 | 4638303877 | J - Judaika | Available | - |
| LDR | 01926nam a2200481 aa4500 | ||
|---|---|---|---|
| 001 | 55605 | ||
| 003 | CZ-PrJAB | ||
| 005 | 20121127124605.0 | ||
| 007 | ta | ||
| 008 | 120228m19911993xr e 000 0 cze | ||
| 015 | . | ‡acnb002345082 ‡zcnb000090593 ‡zcnb000090598 ‡zcnb000090600 | |
| 020 | . | ‡a80-85469-46-4 ‡q(Díl 3 ; ‡qbrož.) | |
| 035 | . | ‡a(CZ PrNK)nkc20122345082 | |
| 035 | . | ‡a(OCoLC)798993425 | |
| 040 | . | ‡aABA001 ‡bcze | |
| 072 | 7. | ‡a316.7 ‡xSociologie kultury. Kulturní život ‡2Konspekt ‡91 | |
| 080 | . | ‡a17.022.1 ‡2MRF | |
| 080 | . | ‡a316.722:27 ‡2MRF | |
| 080 | . | ‡a27-58-021.56 ‡2MRF | |
| 080 | . | ‡a316.75-028.78 ‡2MRF | |
| 080 | . | ‡a101.8 ‡2MRF | |
| 080 | . | ‡a27-423.79 ‡2MRF | |
| 080 | . | ‡a2-46-733:355 ‡2MRF | |
| 080 | . | ‡a(4) ‡2MRF | |
| 080 | . | ‡a(437.3) ‡2MRF | |
| 080 | . | ‡a(082) ‡2MRF | |
| 245 | 0 | 0. | ‡aFilozofické a náboženské rozpravy pro duchovní péči v Československé armádě / ‡c[redakce Vladimír Winkler] |
| 246 | 1 | . | ‡iNázev 3. dílu: ‡aFilozofické a náboženské rozpravy pro duchovní péči v armádě |
| 260 | . | ‡aPraha : ‡bMagnet-Press, ‡c1991-1993 | |
| 300 | . | ‡a3 sv. (63, 64, 71 s.) ; ‡c21 cm | |
| 504 | . | ‡aObsahuje bibliografické odkazy | |
| 550 | . | ‡aVydavatel: Česká a Slovenská Federativní Republika, Federální ministerstvo obrany, Správa sociálního řízení | |
| 650 | 0 | 7. | ‡amorální hodnoty ‡7ph184254 ‡2czenas |
| 650 | 0 | 7. | ‡akřesťanská civilizace ‡7ph122091 ‡2czenas |
| 650 | 0 | 7. | ‡aduchovní tradice ‡7ph170913 ‡zEvropa ‡2czenas |
| 650 | 0 | 7. | ‡akulturní tradice ‡7ph138956 ‡zEvropa ‡2czenas |
| 650 | 0 | 7. | ‡afilozofické myšlení ‡7ph137813 ‡2czenas |
| 650 | 0 | 7. | ‡akřesťanská víra ‡7ph122113 ‡2czenas |
| 650 | 0 | 7. | ‡aduchovní služba v armádě ‡7ph210500 ‡zČesko ‡2czenas |
| 655 | 7. | ‡asborníky ‡7fd163935 ‡2czenas | |
| 700 | 1 | . | ‡aWinkler, Vladimír ‡7kpwa5294 ‡4edt |
| 710 | 1 | . | ‡aČeskoslovensko. ‡bFederální ministerstvo obrany. ‡bSpráva sociálního řízení ‡7ko2004218665 |
| 910 | . | ‡aABE461 | |
| 995 | . | ‡aska | |
| 901 | . | ‡a55605 ‡bAUTOGEN ‡c55605 ‡tbiblio | |